| 000 | 00522nam a2200181 a 4500 | ||
|---|---|---|---|
| 001 | 7214 | ||
| 003 | CO-ViMGA | ||
| 008 | 141112s2004 ck r 000 u spa d | ||
| 040 |
_aCO-ViMGA _bspa _cCO-ViMGA |
||
| 082 | 0 | 4 | _a616.858842 H687 |
| 100 | 1 |
_aHourdin, Georges _96354 |
|
| 245 | 1 | 0 | _aAmo la vida dijo ella finalmente orientaciones de un padre con hija down |
| 260 |
_aMexico : _bTrillas, _c1992 |
||
| 300 | _a222 p : il | ||
| 650 | 1 | 4 |
_aeducación ESPECIAL _94158 |
| 650 | 1 | 4 |
_aSINDROME DE DOWN _955163 |
| 942 |
_2ddc _cBK |
||
| 999 |
_c19173 _d19173 |
||